Liste des voies du 17ème arrondissement - Statistiques

Statistiques générales
  • Ce quiz a été pris 10 fois
  • Le résultat moyen est 47 sur 423
Statistiques - réponses
Hint Réponse % Correct
Avenue de la Porte-de-Villiers
89%
Avenue de Villiers
89%
Boulevard de | Rue de Courcelles
78%
Avenue de la Porte-de-Clichy
78%
Boulevard des | Rue des Batignolles
67%
Passage | Rue Cardinet
67%
Avenue du Cimetière-des-Batignolles
67%
Avenue de | Place de Clichy
67%
Square | Villa Monceau
67%
Avenue de la Porte-des-Ternes
67%
Rue de Rome
67%
Avenue des | Place des | Rue des | Villa des Ternes
67%
W Avenue de | Place de Wagram
67%
M Avenue Mac-Mahon
56%
Boulevard Malesherbes
56%
Boulevard Pereire
56%
Passage des | Rue des Acacias
44%
Boulevard | Villa Berthier
44%
Avenue de la | Villa de la Grande-Armée
44%
Rue Jouffroy-d'Abbans
44%
Impasse de | Place de | Rue de Lévis
44%
Avenue | Villa Niel
44%
Rue Prony
44%
Rue Ampère
33%
Impasse | Rue Boursault
33%
Avenue Carnot
33%
D Rue des Dames
33%
Cité | Rue Lemercier
33%
Rue Marguerite-Long
33%
Rue Margueritte
33%
Avenue de la Porte-de-Saint-Ouen
33%
Avenue de la Porte-Pouchet
33%
Passage | Rue Pouchet
33%
Avenue de | Impasse Saint-Ouen
33%
Boulevard | Rue Bessières
22%
Rue Biot
22%
Place du Brésil
22%
Rue Bridaine
22%
Rue Brochant
22%
Rue Caroline
22%
Place Charles-de-Gaulle
22%
Rue du Colonel-Moll
22%
E Rue Édouard-Detaille
22%
Rue des | Villa des Épinettes
22%
Rue de l' Étoile
22%
Boulevard | Square Gouvion-Saint-Cyr
22%
Rue Guy-Môquet
22%
H Rue Hélène
22%
I Place d' Israël
22%
L Rue de (La) La Condamine
22%
Impasse de (La) La Jonquière
22%
Passage | Rue Legendre
22%
Rue Léon-Cogniet
22%
Rue Léon-Jost
22%
Rue Mariotte
22%
Rue des Moines
22%
Rue du Mont-Dore
22%
Avenue de Neuilly
22%
Rue | Square Nollet
22%
Place de la Porte-Maillot
22%
Passage Saint-Michel
22%
Rue de Saussure
22%
Rue de la | Villa de la Terrasse
22%
Rue de | Square de Tocqueville
22%
Rue Truffaut
22%
Rue Viète
22%
Rue | Square Villaret-de-Joyeuse
22%
Rue Abel-Truchet
11%
Rue Alfred-de-Vigny
11%
Place Anny-Flore
11%
Square de l' Aveyron
11%
Rue du Bastion
11%
Rue Bayen
11%
Passage | Rue Berzélius
11%
Boulevard du Bois-le-Prêtre
11%
Passage | Rue Boulay
11%
Rue Brey
11%
Rue du Capitaine-Lagache
11%
Avenue de la Chapelle
11%
Place Charles-Fillion
11%
Avenue des Chasseurs
11%
Rue de Chazelles
11%
Rue de Chéroy
11%
Rue Christine-de-Pisan
11%
Rue | Square Claude-Debussy
11%
Rue des Colonels-Renard
11%
Rue Darcet
11%
Rue des Dardanelles
11%
Rue Daubigny
11%
Rue Davy
11%
Rue du Débarcadère
11%
Rue Denis-Poisson
11%
Place du Docteur-Félix-Lobligeois
11%
Passage Doisy
11%
Rue Eugène-Flachat
11%
Cité des Fleurs
11%
Rue Fortuny
11%
Rue Fourcroy
11%
Place du Général-Catroux
11%
Rue Gounod
11%
Rue Guersant
11%
Rue Gustave-Flaubert
11%
Rue Henri-Rochefort
11%
Rue Jacques-Kellner
11%
Place de Jérusalem
11%
Place Jules-Renard
11%
Rue Juliette-Lamber
11%
Rue | Villa Lantiez
11%
Rue | Villa Laugier
11%
Rue Lécluse
11%
Rue (du) Long
11%
Place Loulou-Gasté
11%
Place du Maréchal Juin
11%
Cité Marie
11%
Square de la Mayenne
11%
Rue Médéric
11%
Rue Meissonier
11%
Rue de Montenotte
11%
Rue Msistlav-Rostropovitch
11%
Rue Navier
11%
P Avenue Paul-Adam
11%
Rue de Phalsbourg
11%
Rue Philibert-Delorme
11%
Rue Pierre-Demours
11%
Passage | Rue Poncelet
11%
Avenue de la Porte-d'Asnières
11%
Avenue de la | Place de la Porte-de-Champerret
11%
Rue des Renaudes
11%
Place de la République de l'Équateur
11%
Place Richard-Baret
11%
Place | Rue Saint-Ferdinand
11%
Place | Rue Saint-Jean
11%
Cour Saint-Pierre
11%
Rue Sauffroy
11%
Rue Sisley
11%
Avenue Stéphane-Mallarmé
11%
Place Stuart-Merrill
11%
Rue Théodule-Ribot
11%
Promenade Thérèse-Pierre
11%
Rue Torricelli
11%
Rue Troyon
11%
V Square de Vaucluse
11%
Rue Verniquet
11%
A Rue de l' Abbé Rousselot
0%
Place Aimé-Maillart
0%
Rue Albert-Roussel
0%
Rue Albert-Samain
0%
Rue Alexandre-Charpentier
0%
Rue Alfred-Roll
0%
Rue Alphonse-de-Neuville
0%
Rue Anatole-de-la-Forge
0%
Rue André-Bréchet
0%
Rue Andrée-Putman
0%
Rue André-Suarès
0%
Place André-Zimheld
0%
Rue des Apennins
0%
Rue de l' Arc-de-Triomphe
0%
Promenade Aristides-de-Sousa-Mendes
0%
Rue d' Armaillé
0%
Rue d' Armenonville
0%
Place Arnault-Tzanck
0%
Rue Arthur-Brière
0%
Avenue des Arts
0%
Villa Aublet
0%
Rue Auboin
0%
Rue Aumont-Thiéville
0%
Boulevard d' Aurelle-de-Paladines
0%
Cours des Avocats
0%
B Rue Balny-d'Avricourt
0%
Rue Baron
0%
Rue Barye
0%
Rue Belidor
0%
Rue Bernard-Buffet
0%
Promenade Bernard-Lafay
0%
Rue Beudant
0%
Rue de Bizerte
0%
Place Blanche-Lefebvre
0%
Place Boulnois
0%
Rue Brémontier
0%
Rue Brunel
0%
Avenue Brunetière
0%
C Rue Camille-Blaisot
0%
Rue Camille-Pissaro
0%
Rue du Caporal-Peugeot
0%
Rue Cardan
0%
Rue Catulle-Mendès
0%
Promenade Cécile-Chaminade
0%
Rue Cernuschi
0%
Rue Charles-Gerhardt
0%
Rue Charles-Tournemire
0%
Passage Châtelet
0%
Rue Cino-del-Duca
0%
Rue Clairaut
0%
Placette Claude-Bouvelle
0%
Rue Claude-Pouillet
0%
Jardin Clémence-Annick-Burgard
0%
Allée Colette-Heilbronner
0%
Rue Collette
0%
Rue du Colonel-Manhès
0%
Passage du Commandant-Charles-Martel
0%
Villa Compoint
0%
Rue de la Crèche
0%
Rue Curnonsky
0%
Rue Dautancourt
0%
Impasse Deligny
0%
Rue Déodat-de-Séverac
0%
Rue Descombes
0%
Impasse des Deux-Cousins
0%
Boulevard de Dixmunde
0%
Rue du Dobropol
0%
Rue du Docteur-Heulin
0%
Rue du Docteur-Paul-Brousse
0%
Square de la Dordogne
0%
Boulevard de Douaumont
0%
Rue de Dreux
0%
Rue Émile-Allez
0%
Rue Émile-Borel
0%
Avenue Émile-et-Armand-Massard
0%
Rue Émile-Level
0%
Square Emmanuel-Chabrier
0%
Rue Ernest-Goüin
0%
Rue Ernest-Roche
0%
F Rue Faraday
0%
Rue de la Félicité
0%
Rue Félix-Pécaut
0%
Cité Férembach
0%
Rue des Fermiers
0%
Rue Fernand-Cormon
0%
Square Fernand-de-la-Tombelle
0%
Rue Fernand-Pelloutier
0%
Rue Floréal
0%
Passage Flourens
0%
Boulevard du Fort-de-Vaux
0%
Rue Fourneyron
0%
Rue Fragonard
0%
Rue Francis-Garnier
0%
Place Françoise-Dorin
0%
Rue Frédéric-Brunet
0%
Rue Fructidor
0%
G Square Gabriel-Fauré
0%
Rue Galvani
0%
Square Gaston-Bertandeau
0%
Rue Gauguin
0%
Rue Gauthey
0%
Passage Geffroy-Didelot
0%
Esplanade du Général-Casso
0%
Place du Général-Henrys
0%
Allée du | Place du Général-Kœnig
0%
Rue du Général-Lanrezac
0%
Rue Georges-Berger
0%
Rue Gervex
0%
Rue Gilbert-Cesbron
0%
Promenade Gilberte-Brossolette
0%
Avenue Gourgaud
0%
Square du Graisivaudan
0%
Rue Guillaume-Tell
0%
Villa Guizot
0%
Rue Gustave-Charpentier
0%
Rue Gustave-Doré
0%
Rue Guttin
0%
Rue Hélène-et-François-Missoffe
0%
Rue d' Héliopolis
0%
Square Henri-Duparc
0%
Rue Hérault-de-Séchelles
0%
Placette Hervé-Benessiano
0%
Passage de la Hutte-au-Garde
0%
J Rue | Villa Jacquemont
0%
Rue Jacques-Bingen
0%
Promenade Jacques-Hébertot
0%
Rue Jacques-Ibert
0%
Rue Jadin
0%
Rue Jaïc-Domergue
0%
Rue Jean-Baptiste-Dumas
0%
Allée Jean-François-Divry
0%
Rue Jean-Leclaire
0%
Rue Jean-Louis-Forin
0%
Parvis Jean-Maurice-Verdier
0%
Rue Jean-Moréas
0%
Rue Jean-Oestreicher
0%
Cité Joyeux
0%
Rue Jules-Bourdais
0%
Rue Labie
0%
Rue Lacaille
0%
Rue Lacroix
0%
Rue Lamandé
0%
Rue Lebon
0%
Rue Lebouteux
0%
Rue Lechapelais
0%
Rue Le Chatelier
0%
Rue Lecomte
0%
Impasse Léger
0%
Rue Léon-Cosnard
0%
Rue Léon-Droux
0%
Rue de Logelbach
0%
Place Louis-Bernier
0%
Rue Louis-Loucheur
0%
Rue Louis-Puteaux
0%
Rue Louis-Vierne
0%
Place Madeleine-Daniélou
0%
Place des Magasins-de-l'Opéra-Comique
0%
Passerelle | Place Marcelle-Henry
0%
Rue Marcel-Renault
0%
Rue Maria-Deraismes
0%
Rue Marie-Georges-Picquart
0%
Rue du Marquis-d'Arlandes
0%
Impasse Marty
0%
Rue Mère Teresa
0%
Rue du Midi
0%
Rue Milne-Edwards
0%
Rue de Mobel
0%
Passage Moncey
0%
Place Monseigneur-Loutil
0%
N Impasse Naboulet
0%
Place du Nicaragua
0%
Rue Nicolas-Chuquet
0%
Square Nicolaÿ
0%
Rue Paul-Bodin
0%
Rue Paul-Borel
0%
Place Paul-Léautaud
0%
Square Paul-Paray
0%
Place Paul-Tortelier
0%
Avenue des Pavillons
0%
Impasse du Pèlerin
0%
Boulevard Pershing
0%
Avenue du Péterhof
0%
Rue Petier
0%
Passage Petit-Cerf
0%
Rue Pierre-Rebière
0%
Rue de Pont-à-Mousson
0%
Rue du Printemps
0%
Place Prosper-Goubaux
0%
Cité de Pusy
0%
Rue Puvis-de-Chavannes
0%
R Rue Raymond-Pitet
0%
Rue Redon
0%
Boulevard de Reims
0%
Rue René-Blum
0%
Rue Rennequin
0%
Place de la République Dominicaine
0%
Square du Rhône
0%
Rue Roberval
0%
Rue Roger-Bacon
0%
Promenade Rosemonde-Pujol
0%
Passage Rose-Valland
0%
Passage Roux
0%
Rue Rudolf-Noureev
0%
Rue Ruhmkorff
0%
S Rue de Sablonville
0%
Passage | Villa Saint-Ange
0%
Villa Sainte-Croix
0%
Rue Saint-Just
0%
Rue de Saint-Marceaux
0%
Rue de Saint-Senoch
0%
Rue Salneuve
0%
Avenue de Salonique
0%
Rue Saussier-Leroy
0%
Rue de Senlis
0%
Rue du Sergent-Hoff
0%
Rue Severiano-de-Heredia
0%
Boulevard de la Somme
0%
Passage du Souvenir
0%
Rue Stéphane-Grappelli
0%
T Rue des Tapisseries
0%
Rue Tarbé
0%
Square du Tarn
0%
Rue de Thann
0%
Rue Thédore-de-Banville
0%
Square du Thimerais
0%
Rue de Tilsitt
0%
Rue Toulouse-Lautrec
0%
Parvis du Tribunal-de-Paris
0%
Place Tristan-Bernard
0%
Place de Verdun
0%
Rue Vernier
0%
Avenue de Verzy
0%
Rue Villebois-Mareuil
0%
Place du Vingt-Deux-Novembre-1943
0%
Square de Vivarais
0%
Rue Waldeck-Rousseau
0%
Y Boulevard de l' Yser
0%
Avenue Yves-du-Manoir
0%
Place Yvon-et-Claire-Morandat
0%
Aucun quiz correspondant
Distribution des résultats
% des personnes avec chaque résultat
Percentile par nombre de réponses
Votre historique - résultats
Vous n’avez pas pris ce quiz